Statistics for Top XIs: Germany (1966-2023)

Click here to take the quiz!

General Stats

  • This quiz has been taken 927 times
    (783 since last reset)
  • The average score is 246 of 500

Answer Stats

HintPositionAnswer% Correct
1977MFGerd Müller
99%
2023WCSTThomas Müller
99%
2018MFThomas Müller
99%
2010MFThomas Müller
99%
2016STThomas Müller
99%
2015STThomas Müller
99%
2014STThomas Müller
99%
2013STThomas Müller
99%
2012MFThomas Müller
99%
2021EUROSTThomas Müller
99%
2011MFThomas Müller
99%
1978STDieter Müller
98%
2003STMiroslav Klose
92%
2002STMiroslav Klose
92%
2006STMiroslav Klose
92%
2008STMiroslav Klose
92%
2010STMiroslav Klose
92%
2007STMiroslav Klose
92%
2021EURODFMats Hummels
91%
2015DFMats Hummels
91%
2012DFMats Hummels
91%
2018DFMats Hummels
91%
2011DFMats Hummels
91%
2016DFMats Hummels
91%
2014DFMats Hummels
91%
2009DFPhilipp Lahm
91%
2004DFPhilipp Lahm
91%
2008DFPhilipp Lahm
91%
2011DFPhilipp Lahm
91%
2007DFPhilipp Lahm
91%
2013MFPhilipp Lahm
91%
2012DFPhilipp Lahm
91%
2006DFPhilipp Lahm
91%
2014DFPhilipp Lahm
91%
2010DFPhilipp Lahm
91%
2006MFBasti Schweinsteiger
88%
2007MFBasti Schweinsteiger
88%
2010MFBasti Schweinsteiger
88%
2008MFBasti Schweinsteiger
88%
2014MFBasti Schweinsteiger
88%
2009MFBasti Schweinsteiger
88%
2005MFBasti Schweinsteiger
88%
2015MFBasti Schweinsteiger
88%
2012MFBasti Schweinsteiger
88%
2014DFJérôme Boateng
88%
2010DFJérôme Boateng
88%
2012DFJérôme Boateng
88%
2013DFJérôme Boateng
88%
2016DFJérôme Boateng
88%
2018DFJérôme Boateng
88%
2015DFJérôme Boateng
88%
2014MFToni Kroos
88%
2018MFToni Kroos
88%
2011MFToni Kroos
88%
2020MFToni Kroos
88%
2019MFToni Kroos
88%
2015MFToni Kroos
88%
2021EUROMFToni Kroos
88%
2016MFToni Kroos
88%
2013MFToni Kroos
88%
2012MFMesut Özil
85%
2015MFMesut Özil
85%
2013MFMesut Özil
85%
2018MFMesut Özil
85%
2014MFMesut Özil
85%
2011MFMesut Özil
85%
2016MFMesut Özil
85%
2010MFMesut Özil
85%
2022MFJoshua Kimmich
84%
2021MFJoshua Kimmich
84%
2018DFJoshua Kimmich
84%
2016MFJoshua Kimmich
84%
2023WCMFJoshua Kimmich
84%
2017DFJoshua Kimmich
84%
2021EUROMFJoshua Kimmich
84%
2019DFJoshua Kimmich
84%
2016MFSami Khedira
83%
2013MFSami Khedira
83%
2011MFSami Khedira
83%
2010MFSami Khedira
83%
2012MFSami Khedira
83%
2014MFSami Khedira
83%
1976DFFranz Beckenbauer
82%
2020MFLeroy Sané
82%
2021MFLeroy Sané
82%
2014MFMario Götze
81%
2015MFMario Götze
81%
1986MFLothar Matthäus
79%
1989MFLothar Matthäus
79%
1987MFLothar Matthäus
79%
1999 (СС)DFLothar Matthäus
79%
1988MFLothar Matthäus
79%
2000DFLothar Matthäus
79%
1990MFLothar Matthäus
79%
1993MFLothar Matthäus
79%
1985MFLothar Matthäus
79%
1983DFLothar Matthäus
79%
1994MFLothar Matthäus
79%
1998DFLothar Matthäus
79%
1984MFLothar Matthäus
79%
1991MFLothar Matthäus
79%
1999DFLothar Matthäus
79%
2021MFSerge Gnabry
78%
2020MFSerge Gnabry
78%
2019MFSerge Gnabry
78%
2021EUROMFSerge Gnabry
78%
2023WCMFSerge Gnabry
78%
2004MFMichael Ballack
77%
2005MFMichael Ballack
77%
2008MFMichael Ballack
77%
2001MFMichael Ballack
77%
2006MFMichael Ballack
77%
2003MFMichael Ballack
77%
2002MFMichael Ballack
77%
2009MFMichael Ballack
77%
2008STLukas Podolski
76%
2011STLukas Podolski
76%
2005STLukas Podolski
76%
2006STLukas Podolski
76%
2012STLukas Podolski
76%
2009STLukas Podolski
76%
2010STLukas Podolski
76%
2022MFİlkay Gündoğan
75%
2021MFİlkay Gündoğan
75%
2019MFİlkay Gündoğan
75%
2021EUROMFİlkay Gündoğan
75%
2023WCMFİlkay Gündoğan
75%
2020MFİlkay Gündoğan
75%
2017DFAntonio Rüdiger
74%
2021DFAntonio Rüdiger
74%
2022DFAntonio Rüdiger
74%
2021EURODFAntonio Rüdiger
74%
2020DFAntonio Rüdiger
74%
2023WCDFAntonio Rüdiger
74%
2023WCMFLeon Goretzka
74%
2017MFLeon Goretzka
74%
2021MFLeon Goretzka
74%
2011STMario Gómez
74%
2012STMario Gómez
74%
2009STMario Gómez
74%
2022STTimo Werner
73%
2021STTimo Werner
73%
2017STTimo Werner
73%
2020STTimo Werner
73%
2018STTimo Werner
73%
2019STTimo Werner
73%
2018MFMarco Reus
72%
2015MFMarco Reus
72%
2019MFMarco Reus
72%
2019DFNiklas Süle
72%
2023WCDFNiklas Süle
72%
2020DFNiklas Süle
72%
2021DFNiklas Süle
72%
2022DFNiklas Süle
72%
2022MFKai Havertz
71%
2021EUROMFKai Havertz
71%
2005DFPer Mertesacker
69%
2011DFPer Mertesacker
69%
2007DFPer Mertesacker
69%
2006DFPer Mertesacker
69%
2009DFPer Mertesacker
69%
2010DFPer Mertesacker
69%
2008DFPer Mertesacker
69%
2013DFPer Mertesacker
69%
1990STRudi Völler
68%
1991STRudi Völler
68%
1984STRudi Völler
68%
1987STRudi Völler
68%
1988STRudi Völler
68%
1986STRudi Völler
68%
1989STRudi Völler
68%
1985STRudi Völler
68%
1983STRudi Völler
68%
2023WCMFJamal Musiala
67%
2022MFJamal Musiala
67%
1990STJürgen Klinsmann
66%
1989STJürgen Klinsmann
66%
1995STJürgen Klinsmann
66%
1993STJürgen Klinsmann
66%
1997STJürgen Klinsmann
66%
1992STJürgen Klinsmann
66%
1998STJürgen Klinsmann
66%
1988STJürgen Klinsmann
66%
1996STJürgen Klinsmann
66%
1994STJürgen Klinsmann
66%
1983STK.-H. Rummenigge
63%
1982STK.-H. Rummenigge
63%
1984STK.-H. Rummenigge
63%
1980STK.-H. Rummenigge
63%
1981STK.-H. Rummenigge
63%
2014DFBenedikt Höwedes
58%
2013DFBenedikt Höwedes
58%
2016DFBenedikt Höwedes
58%
2013MFAndré Schürrle
56%
2017MFJulian Draxler
55%
2016MFJulian Draxler
55%
2020MFJulian Draxler
55%
2018MFJulian Draxler
55%
1994DFAndreas Brehme
50%
1989DFAndreas Brehme
50%
1990DFAndreas Brehme
50%
1991DFAndreas Brehme
50%
1986DFAndreas Brehme
50%
1985DFAndreas Brehme
50%
1992DFAndreas Brehme
50%
1984DFAndreas Brehme
50%
1988DFAndreas Brehme
50%
1998STOliver Bierhoff
50%
1999STOliver Bierhoff
50%
2021DFMatthias Ginter
49%
2021EURODFMatthias Ginter
49%
2020DFMatthias Ginter
49%
2019DFMatthias Ginter
49%
2017MFMatthias Ginter
49%
1996DFMatthias Sammer
49%
1995DFMatthias Sammer
49%
1992DFMatthias Sammer
49%
1994DFMatthias Sammer
49%
2007MFTorsten Frings
49%
2004MFTorsten Frings
49%
2005MFTorsten Frings
49%
2008MFTorsten Frings
49%
2002MFTorsten Frings
49%
2006MFTorsten Frings
49%
2016DFJonas Hector
48%
2015DFJonas Hector
48%
2017DFJonas Hector
48%
2018DFJonas Hector
48%
2003DFTobias Rau
48%
2007DFChristoph Metzelder
47%
2006DFChristoph Metzelder
47%
2008DFChristoph Metzelder
47%
2002DFChristoph Metzelder
47%
2023WCDFNico Schlotterbeck
47%
2022DFDavid Raum
46%
2023WCDFDavid Raum
46%
2019MFJulian Brandt
46%
1994DFJürgen Kohler
46%
1997DFJürgen Kohler
46%
1991DFJürgen Kohler
46%
1998DFJürgen Kohler
46%
1990DFJürgen Kohler
46%
1992DFJürgen Kohler
46%
1993DFJürgen Kohler
46%
1988DFJürgen Kohler
46%
1987DFJürgen Kohler
46%
2011DFHolger Badstuber
45%
2012DFHolger Badstuber
45%
1981MFPaul Breitner
45%
1982MFPaul Breitner
45%
2002MFBernd Schneider
44%
2005MFBernd Schneider
44%
1999 (СС)MFBernd Schneider
44%
2004MFBernd Schneider
44%
2006MFBernd Schneider
44%
2003MFBernd Schneider
44%
2015DFEmre Can
44%
2006DFArne Friedrich
43%
2004DFArne Friedrich
43%
2010DFArne Friedrich
43%
2003DFArne Friedrich
43%
2005DFArne Friedrich
43%
2008DFArne Friedrich
43%
1978STUli Hoeneß
43%
2002STOliver Neuville
42%
1999 (СС)STOliver Neuville
42%
1999STOliver Neuville
42%
2001STOliver Neuville
42%
2021EURODFRobin Gosens
42%
1993MFStefan Effenberg
42%
1994MFStefan Effenberg
42%
1992MFStefan Effenberg
42%
2013DFMarcel Schmelzer
41%
1996MFAndreas Möller
40%
1994MFAndreas Möller
40%
1993MFAndreas Möller
40%
1995MFAndreas Möller
40%
1989MFAndreas Möller
40%
2000STCarsten Jancker
39%
2001STCarsten Jancker
39%
1998MFJens Jeremies
39%
1999MFJens Jeremies
39%
2003MFJens Jeremies
39%
2000MFMehmet Scholl
39%
1999 (СС)MFMehmet Scholl
39%
1999MFMehmet Scholl
39%
2022DFThilo Kehrer
39%
2021DFThilo Kehrer
39%
1996MFThomas Häßler
39%
1994MFThomas Häßler
39%
1995MFThomas Häßler
39%
1993MFThomas Häßler
39%
1997MFThomas Häßler
39%
1992MFThomas Häßler
39%
1991MFThomas Häßler
39%
1990MFThomas Häßler
39%
1989MFThomas Häßler
39%
1976STUwe Seeler
39%
1993DFChristian Ziege
38%
1996MFChristian Ziege
38%
1997MFChristian Ziege
38%
1995MFChristian Ziege
38%
2000MFChristian Ziege
38%
2002DFChristian Ziege
38%
2000MFDietmar Hamann
37%
1998MFDietmar Hamann
37%
2004MFDietmar Hamann
37%
2001MFDietmar Hamann
37%
2002MFDietmar Hamann
37%
2019DFLukas Klostermann
37%
2004STKevin Kurányi
36%
2007STKevin Kurányi
36%
2017DFShkodran Mustafi
36%
1997MFMario Basler
35%
2001DFThomas Linke
34%
1999 (СС)DFThomas Linke
34%
2002DFThomas Linke
34%
1999DFThomas Linke
34%
1978DFBerti Vogts
33%
1990DFKlaus Augenthaler
33%
1979MFBernd Schuster
31%
1980MFBernd Schuster
31%
1992STKarl-Heinz Riedle
31%
1991STKarl-Heinz Riedle
31%
1993STKarl-Heinz Riedle
31%
2004DFChristian Wörns
29%
2003DFChristian Wörns
29%
1998DFChristian Wörns
29%
1999 (СС)DFChristian Wörns
29%
2001DFChristian Wörns
29%
1999DFChristian Wörns
29%
1986MFFelix Magath
29%
1981MFFelix Magath
29%
1982MFFelix Magath
29%
1985MFFelix Magath
29%
1977DFGünter Netzer
29%
1996DFMarkus Babbel
29%
1999DFMarkus Babbel
29%
1995DFMarkus Babbel
29%
2000DFMarkus Babbel
29%
1988MFPierre Littbarski
29%
1989MFPierre Littbarski
29%
1987MFPierre Littbarski
29%
1982MFPierre Littbarski
29%
1983MFPierre Littbarski
29%
1985MFPierre Littbarski
29%
1997STUlf Kirsten
29%
2005STGerald Asamoah
28%
1987MFGuido Buchwald
28%
1989DFGuido Buchwald
28%
1990MFGuido Buchwald
28%
1991DFGuido Buchwald
28%
1992DFGuido Buchwald
28%
1993DFGuido Buchwald
28%
2000DFJens Nowotny
28%
1997DFJens Nowotny
28%
2001DFJens Nowotny
28%
2004DFJens Nowotny
28%
1996DFStefan Reuter
28%
1995DFStefan Reuter
28%
1992MFStefan Reuter
28%
1991MFStefan Reuter
28%
1987DFStefan Reuter
28%
1989DFStefan Reuter
28%
1976DFWilli Schulz
28%
1980STKlaus Allofs
27%
1984STKlaus Allofs
27%
1987STKlaus Allofs
27%
1986STKlaus Allofs
27%
2001MFSebastian Deisler
27%
2000MFSebastian Deisler
27%
2005MFSebastian Deisler
27%
1985STUwe Rahn
27%
2001MFCarsten Ramelow
26%
2002DFCarsten Ramelow
26%
2003DFCarsten Ramelow
26%
2022MFJonas Hofmann
26%
1988MFOlaf Thon
26%
1987MFOlaf Thon
26%
1998MFOlaf Thon
26%
2017MFSebastian Rudy
26%
1992DFThomas Helmer
26%
1993DFThomas Helmer
26%
1995DFThomas Helmer
26%
1996DFThomas Helmer
26%
1997DFThomas Helmer
26%
1976MFWolfgang Overath
26%
1978DFJupp Heynckes
25%
2009MFThomas Hitzlsperger
25%
2007MFThomas Hitzlsperger
25%
2008MFThomas Hitzlsperger
25%
1978MFG. Schwarzenbeck
24%
1981STKlaus Fischer
24%
1982STKlaus Fischer
24%
2017STLars Stindl
24%
2007DFMarcell Jansen
23%
2009MFPiotr Trochowski
23%
2007MFPiotr Trochowski
23%
1990DFThomas Berthold
23%
1985DFThomas Berthold
23%
1989DFThomas Berthold
23%
1986DFThomas Berthold
23%
1994DFThomas Berthold
23%
1984MFUli Stielike
23%
1981DFUli Stielike
23%
1982DFUli Stielike
23%
1980MFUli Stielike
23%
2003STFredi Bobič
22%
1980STHorst Hrubesch
22%
1999 (СС)MFLars Ricken
22%
1998MFMichael Tarnat
22%
1996STStefan Kuntz
22%
1998DFJörg Heinrich
21%
1999 (СС)DFJörg Heinrich
21%
1999DFJörg Heinrich
21%
1997DFJörg Heinrich
21%
1999STMarco Bode
21%
2005DFRobert Huth
21%
1980DFManfred Kaltz
20%
1981DFManfred Kaltz
20%
1982DFManfred Kaltz
20%
1994MFThomas Strunz
20%
1996MFDieter Eilts
19%
1995MFDieter Eilts
19%
1981DFHans-Peter Briegel
19%
1984DFHans-Peter Briegel
19%
1982DFHans-Peter Briegel
19%
1980DFHans-Peter Briegel
19%
1983DFHans-Peter Briegel
19%
1986MFHans-Peter Briegel
19%
1976MFHelmut Haller
19%
1976MFJürgen Grabowski
19%
1995MFSteffen Freund
19%
1984DFBernd Förster
18%
1985DFKarlheinz Förster
18%
1986DFKarlheinz Förster
18%
1980DFKarlheinz Förster
18%
1982DFKarlheinz Förster
18%
1983DFKarlheinz Förster
18%
1981DFKarlheinz Förster
18%
1984DFKarlheinz Förster
18%
1983MFNorbert Meier
18%
1984MFNorbert Meier
18%
1979MFRainer Bonhof
18%
1977STK.-Heinz Schnellinger
17%
1990MFUwe Bein
17%
1979DFBernd Hölzenbein
16%
2003MFFrank Baumann
16%
2004MFFrank Baumann
16%
2009DFHeiko Westermann
16%
1980DFBernard Dietz
15%
1979DFBernard Dietz
15%
2009DFMarcel Schäfer
15%
2001DFMarko Rehmer
15%
2000DFMarko Rehmer
15%
1976DFHorst-Dieter Höttges
14%
2020DFRobin Koch
14%
1991MFThomas Doll
13%
1977STKlaus Fichtel
12%
1976MFLothar Emmerich
12%
2000STPaulo Rink
12%
1977DFReinhard Libuda
12%
1976DFWolfgang Weber
12%
1987DFHans Pflügler
11%
1978DFHerbert Wimmer
11%
1985DFMatthias Herget
11%
1987DFMatthias Herget
11%
1988DFMatthias Herget
11%
1997MFDariusz Wosz
10%
1999 (СС)MFDariusz Wosz
10%
1986DFDitmar Jakobs
10%
1985DFDitmar Jakobs
10%
1977DFHannes Löhr
10%
1986DFNorbert Eder
10%
1981MFWolfgang Dremmler
10%
1983MFWolfgang Dremmler
10%
1982MFWolfgang Dremmler
10%
1979MFHansi Müller
9%
1981MFHansi Müller
9%
1978MFHansi Müller
9%
1980MFHansi Müller
9%
1978MFHeinz Flohe
9%
1999 (СС)STMichael Preetz
9%
1979DFBernd Cullmann
8%
1979DFCharly Körbel
8%
1979STErich Beer
8%
1991DFManfred Binz
8%
1978DFRolf Rüssmann
8%
1979STRüdiger Abramczik
8%
1976STSiegfried Held
8%
1988MFWolfgang Rolff
8%
1983MFWolfgang Rolff
8%
1978STErwin Kremers
7%
1988DFUli Borowka
7%
1977MFBernd Dörfel
6%
1977DFBernd Patzke
5%
1979STErwin Kostedde
4%
1983DFGerd Strack
4%
1977MFGeorg Volkert
3%
1977MFMax Lorenz
3%

Score Distribution

Percentile by Number Answered

Percent of People with Each Score

Your Score History

You have not taken this quiz since the last reset